000 00224pam a2200109 a 4500
020 _c
041 _aeng
082 _a620.8
_bKHA
100 _aKhan, Irfan Ali .
245 _aBioinformatics
_hTextual Documents
930 _a7188
999 _c84099
_d84099